000 00712nam a22002177a 4500
999 _c7904
_d7904
003 OSt
005 20220728144803.0
008 220728b ||||| |||| 00| 0 eng d
020 _a9780471870920
040 _cDDC
082 _a630.71 GOM 2003
100 _aGomez, Kwanchai A.: Arturo A. Gomez.
_916056
245 _aStatistical procedures in agricultural experiments.
260 _aNew York :
_b Wiley;
_cc2003
300 _axvi, 680 p. :
_bill. ;
_c25 cm.
504 _aIncludes index.
650 _aAgriculture -- Research -- Statistical methods.
_916057
650 _aRice -- Research -- Statistical methods.
_916058
650 _aField experiments -- Statistical methods.
_916059
942 _2ddc
_cBOOK